Сом в летнюю ночь (Запись № 12474860)

Подробности
000 -МАРКЕР
контрольное поле 02750nam0a2200397 4500
001 - ИДЕНТИФИКАТОР ЗАПИСИ
контрольное поле RU\NLR\BIBL_A\012866178
005 - ИДЕНТИФИКАТОР ВЕРСИИ
контрольное поле 20220906112738.0
010 ## - МЕЖДУНАРОДНЫЙ СТАНДАРТНЫЙ НОМЕР КНИГИ (ISBN)
Номер (ISBN) 978-5-907161-52-8
Тираж 1000
021 ## - НОМЕР ГОСУДАРСТВЕННОЙ РЕГИСТРАЦИИ
Код страны Российская Федерация
Номер КН-П-22-037856
Номер Листа государственной регистраци КН-П-22-3261
035 ## - ДРУГИЕ СИСТЕМНЫЕ НОМЕРА
Идентификатор записи (NLR Aleph) 012866178
035 ## - ДРУГИЕ СИСТЕМНЫЕ НОМЕРА
Идентификатор записи (RuMoRGB)011107574
100 ## - ДАННЫЕ ОБЩЕЙ ОБРАБОТКИ
Данные общей обработки 20220815d2022 c y0rusy50 ca
101 0# - ЯЗЫК РЕСУРСА
Язык текста, звукозаписи и т.д. русский
102 ## - СТРАНА ПУБЛИКАЦИИ ИЛИ ПРОИЗВОДСТВА
Страна публикации Российская Федерация
105 ## - ПОЛЕ КОДИРОВАННЫХ ДАННЫХ: ТЕКСТОВЫЕ МАТЕРИАЛЫ, МОНОГРАФИЧЕСКИЕ
Кодированные данные о монографическом текстовом документе ab z 000gy
181 #0 - ПОЛЕ КОДИРОВАННЫХ ДАННЫХ: ВИД СОДЕРЖАНИЯ
Код вида содержания (ISBD) i3
Код характеристики содержания (ISBD) axxe
181 #0 - ПОЛЕ КОДИРОВАННЫХ ДАННЫХ: ВИД СОДЕРЖАНИЯ
Код вида содержания (ISBD) b2
Код характеристики содержания (ISBD) xb2e
182 #0 - ПОЛЕ КОДИРОВАННЫХ ДАННЫХ: ТИП СРЕДСТВА
Код типа средства (ISBD) n - непосредственное
200 1# - ЗАГЛАВИЕ И СВЕДЕНИЯ ОБ ОТВЕТСТВЕННОСТИ
Основное заглавие Сом в летнюю ночь
Сведения, относящиеся к заглавию стихи
-- [для младшего и среднего школьного возраста]
Первые сведения об ответственности Эгвина Фет
Последующие сведения об ответственности иллюстраторы: Валерия Чуйкова [и др.]
203 ## - ВИД СОДЕРЖАНИЯ И ТИП СРЕДСТВА
Вид содержания Текст
-- Изображение
Дополнительные сведения об издании визуальные
Тип средства непосредственные
210 ## - ПУБЛИКАЦИЯ, РАСПРОСТРАНЕНИЕ И ДР.
Место издания, распространения и т.д. Ставрополь
Имя издателя, распространителя и т. д. Ставролит
Дата издания, распространения и т.д. 2022
215 ## - ФИЗИЧЕСКАЯ ХАРАКТЕРИСТИКА
Специфическое обозначение материала и объем 67 с.
Другие сведения о физической характеристике цв. ил.
Размеры 25
Сопроводительный материал 1 отд. л. карт.
225 1# - СЕРИЯ
Основное заглавие серии Серия "Стрекоза"
330 ## - РЕЗЮМЕ ИЛИ РЕФЕРАТ
Текст примечания "Сом в летнюю ночь" - книга в стихах для всех возрастов, повествование которой ведётся от лица морского котика. Содержит представления о его мировоззрении, а также тонкое исследование того, как и чем живёт современный звериный мир. И поскольку это исследование, то книга сопровождается пояснительными сносками, которые наносены на карту. Они составлены самим морским котиком и позволяют лучше раскрыть суть вещей. Герои книги - разные представители животного сообщества, объединяет их не только общая территория, но и общие желания и устремления. Помимо принятия коллективных решений, герои занимаются личностным ростом и пытаются ответить на вопросы, касающиеся их собственной идентичности. Как быть самим собой?
333 ## - ПРИМЕЧАНИЯ ОБ ОСОБЕННОСТЯХ РАСПРОСТРАНЕНИЯ И ИСПОЛЬЗОВАНИЯ
Текст примечания 6+
686 0# - ИНДЕКСЫ ДРУГИХ КЛАССИФИКАЦИЙ
Индекс Ш9(2)60=Р7-5
686 0# - ИНДЕКСЫ ДРУГИХ КЛАССИФИКАЦИЙ
Индекс Ш9(2)62=Р7-5
700 #1 - ИМЯ ЛИЦА - ПЕРВИЧНАЯ ОТВЕТСТВЕННОСТЬ
Графика поля Кириллица
Материалы, к которым относится поле rus
Начальный элемент ввода Фет
Часть имени, кроме начального элемента ввода Э.
Даты 1984-
Расширение инициалов личного имени Эгвина
Системный номер авторитетной/нормативной записи 217432
Идентификатор авторитетной/нормативной записи RU\NLR\AUTH\770217488
702 #1 - ИМЯ ЛИЦА - ВТОРИЧНАЯ ОТВЕТСТВЕННОСТЬ
Начальный элемент ввода Чуйкова
Часть имени, кроме начального элемента ввода В.
Расширение инициалов личного имени Валерия
Код отношения Иллюстратор
942 ## - ДОПОЛНИТЕЛЬНЫЕ ЭЛЕМЕНТЫ ЗАПИСИ (АБИС)
Тип экземпляра АБИС Книга
980 ## - КОЛЛЕКЦИЯ
Название коллекции Национальная библиография
Экземпляры
Тип экземпляра Дата поступления Источник поступления Библиотека постоянного хранения Библиотека текущего хранения Место хранения Шифр хранения Штрих-код Статус экземпляра
Книга 15.08.2022 Обязательный экземпляр РНБ (Московский) РНБ (Московский) Русский книжный фонд: издания с 1957 года 2022-7/5868 1-3901697  
Книга 15.08.2022 Обязательный экземпляр РНБ (Московский) РНБ (Московский) Обменный фонд   1-3901698